Normal view
MARC view
Entry Topical Term
001 - CONTROL NUMBER
- control field: 55321
003 - CONTROL NUMBER IDENTIFIER
- control field: OSt
005 - DATE AND TIME OF LATEST TRANSACTION
- control field: 20250717145738.0
008 - FIXED-LENGTH DATA ELEMENTS
- fixed length control field: 250717|| aca||aabn | a|a d
040 ## - CATALOGING SOURCE
- Original cataloging agency: OSt
- Transcribing agency: OSt
150 ## - HEADING--TOPICAL TERM
- Topical term or geographic name entry element: Governmental trust, public trust, levels of government
670 ## - SOURCE DATA FOUND
- Source citation: Work cat.: (OSt)526850: Jensen, Colt and Piatak, Jaclyn 55320, Public service motivation and trust in government: An examination across the Federal, state, and local levels in the United States
